000 00294nam a22001337a 4500
008 170816b xxu||||| |||| 00| 0 eng d
020 _a2900495112074
041 _aeng
080 _23 ed
_a311
100 _a36
101 _aSTA
245 _aMIND ON STATISTIC
_cUTTS.J.M
942 _2udc
_cBK
999 _c23609
_d23609